000 01176nam0a22003011 4500
001 rc\3562746
005 20250610072754.0
021 _aRU
_b[76-59298]
035 _a(NLR Aleph) 007797668
090 _a7672765
_c7672765
100 _a20130115d1976 |||y0rusy50 ca
101 0 _arus
102 _aRU
105 _aa z |||||
200 1 _aМетоды контроля оптических асферических поверхностей
_fД.Т. Пуряев
210 _aМосква
_cМашиностроение
_d1976
215 _a262 с.
_cил.
_d22
300 _aЗагл. корешка: Контроль асферических поверхностей
320 _aСписок лит.: с. 252-256 (96 назв.)
320 _aАлф.-предм. указ.: с. 257-259
516 0 _aКонтроль асферических поверхностей
606 _aОптические поверхности, несферические
_xКонтроль
_2psbo
700 1 _aПуряев
_bД.Т.
_gДаниил Трофимович
801 0 _aRU
_bNLR
_gpsbo
801 1 _aRU
_bELAR
_2rusmarc
852 _aNLR
_j77-5/79
942 _cBOOK
980 _aNB